书目信息 |
| 题名: |
日落激流
|
|
| 作者: | 胡元斌 , 严锴 主编 | |
| 分册: | ||
| 出版信息: | 北京 台海出版社 2014 |
|
| 页数: | 201页 | |
| 开本: | 23cm | |
| 丛书名: | ||
| 单 册: | ||
| 中图分类: | E195.2 | |
| 科图分类: | ||
| 主题词: | 太平洋战争--史料 , 太平洋战争 | |
| 电子资源: | ||
| ISBN: | 978-7-5168-0243-4 | |
| 000 | 00924nam0 2200265 45 | |
| 001 | 012001004305 | |
| 005 | 20140928162349.0 | |
| 010 | @a978-7-5168-0243-4@dCNY48.00 | |
| 100 | @a20141207d2014 em y0chiy50 ea | |
| 101 | 0 | @achi |
| 102 | @aCN@b110000 | |
| 105 | @aa z 000yy | |
| 106 | @ar | |
| 200 | 1 | @a日落激流@9ri luo ji liu@e第二次世界大战太平洋战事@f胡元斌,严锴主编 |
| 210 | @a北京@c台海出版社@d2014 | |
| 215 | @a201页@c图,照片@d23cm | |
| 300 | @a第二次世界大战纵横录 | |
| 330 | @a本书分为偷袭珍珠港、珊瑚海战役、中途岛大海战、日美瓜岛喋血、马绍尔群岛海战、登陆冲绳岛六部分。具体内容包括:日本舰队奇袭美国军港、山本五十六的“未号计划”、美军攻占吉尔伯特群岛等。 | |
| 606 | 0 | @a太平洋战争@j史料 |
| 606 | 0 | @a太平洋战争 |
| 690 | @aE195.2@v5 | |
| 701 | 0 | @a胡元斌@9hu yuan bin@4主编 |
| 701 | 0 | @a严锴@9yan kai@c(图书编辑)@4主编 |
| 801 | 0 | @aCN@b上海新华@c20180901 |
| 905 | @b1164731-5@dE195.2@e103@f5 | |
| 日落激流:第二次世界大战太平洋战事/胡元斌,严锴主编.-北京:台海出版社,2014 |
| 201页:图,照片;23cm |
| 第二次世界大战纵横录 |
| ISBN 978-7-5168-0243-4:CNY48.00 |
| 本书分为偷袭珍珠港、珊瑚海战役、中途岛大海战、日美瓜岛喋血、马绍尔群岛海战、登陆冲绳岛六部分。具体内容包括:日本舰队奇袭美国军港、山本五十六的“未号计划”、美军攻占吉尔伯特群岛等。 |
| ● |
| 相关链接 |
|
|
|
|
正题名:日落激流
索取号:E195.2/103
 
预约/预借
| 序号 | 登录号 | 条形码 | 馆藏地/架位号 | 状态 | 备注 |
| 1 | 1164731 | 211647315 | 第一样本阅览室/ [索取号:E195.2/103] | 在馆 | |
| 2 | 1164732 | 211647324 | 密集书库-史法系/ [索取号:E195.2/103] | 在馆 | |
| 3 | 1164733 | 211647333 | 第一借阅区/ [索取号:E195.2/103] | 在馆 | |
| 4 | 1164734 | 211647342 | 第一借阅区/ [索取号:E195.2/103] | 在馆 | |
| 5 | 1164735 | 211647351 | 第一借阅区/ [索取号:E195.2/103] | 在馆 |